Real Madrid 2017-18 - Statistics

General Stats
  • This quiz has been taken 90 times
  • The average score is 15 of 31
Answer Stats
Hint Answer % Correct
GK | CRC | 1 | Keylor Navas
94%
ATT | POR | 7 | Cristiano Ronaldo
89%
DEF | SPA | 4 | Sergio Ramos
88%
MID | CRO | 10 | Luka Modric
87%
GK | SPA / SEN | 35 | Moha Ramos
87%
MID | GER | 8 | Toni Kroos
86%
ATT | FRA / ALG | 9 | Karim Benzema
83%
DEF | BRA / SPA | 12 | Marcelo
81%
DEF | FRA | 5 | Raphael Varane
81%
DEF | SPA | 2 | Daniel Carvajal
78%
MID | BRA / SPA | 14 | Casemiro
75%
GK | SPA | 13 | Kiko Casilla
70%
MID | SPA | 22 | Isco
69%
DEF | SPA | 6 | Nacho Fernandez
67%
ATT | SPA / NET | 22 | Marco Asensio
55%
DEF | MOR / SPA | 19 | Achraf Hakimi
47%
DEF | SPA | 17 | Lucas Vazquez
47%
DEF | FRA / SPA | 15 | Theo Hernandez
42%
GK | SPA / FRA | 30 | Luca Zidane
40%
DEF | SPA | 3 | Jesus Vallejo
37%
MID | CRO | 23 | Mateo Kovacic
20%
MID | SPA | 18| Llorente
18%
MID | SPA | 32 | Oscar Rodriguez
14%
ATT | SPA | 21 | Borja Mayoral
11%
MID | SPA | 24 | Dani Ceballos
11%
DEF | SPA | 27 Alvaro Tejero
2%
ATT | SPA | 37 | Cristo
1%
ATT | SPA / ARG | 22 | Franchu
1%
MID | SPA | 38 | Jaime Seoane
1%
DEF | SPA / DOM | 31 | Luismi Quezada
1%
DEF | SPA | 33 | Manu Hernando
1%
No matching quizzes found
Score Distribution
Percent of People with Each Score
Percentile by Number Answered
Your Score History
You have not taken this quiz